000 01345cam a2200229 4500
001 ABS67028
008 030917n2003 000 0 eng u
035 _a(Sirsi) u123636
100 _aRawling, B.
245 _aConcurrent delays: a practical approach
260 _c2003
490 _aSurveyors' Times [Hong Kong Institute of Surveyors]
_v12(8) August 2003, 9-10(2)
490 _aSurveyors' Times [Hong Kong Institute of Surveyors]
_v12(9) September 2003, 11-12(2)
490 _aSurveyors' Times [Hong Kong Institute of Surveyors]
_v12(10) October 2003, 11-12(2)
520 _aThree-part article looks at the time factors which affect concurrent delay. Defines concurrent delay as occuring when the delaying effects of two or more independent events impact upon the progress of a project and would, each delaying effect without the other, have caused delay to completion. They are described as concurrent when the effects of the events impact upon progress in similar time periods. Describes ways of dealing with such delays, with particular reference to circumstances in the Hong Kong Government Form of Contract (GCC Clause 50).
590 _aABS
650 _aCONCURRENT DELAYS
650 _aHONG KONG
650 _aBUILT ENVIRONMENT-BUILDING CONTRACT FORMS
690 _aBUILT ENVIRONMENT-BUILDING CONTRACT FORMS
942 _n0
999 _c73417
_d73417